Quizzes
Events
Quiz Creation
Community
Videos
Private Events
Remove Ads
Sign In
Join for FREE
Feedback
Dark Mode
Quiz Categories
Sports
Geography
Music
Movies
Television
Just For Fun
Miscellaneous
History
Literature
Language
Science
Gaming
Entertainment
Religion
Holiday
For Kids
Quiz Lab
Recent
Popular Today
Quiz Kudos Today
Editor Picks
Curator Picks
Quizzes by...
Day
Popularity
Type
Ratings
Length
Year
Community
Subscriptions
Recent Discussions
Orange Saloon
Badges
Playlists
Quests
Create
Leaderboards
Showdown
Live 5
Trivia Bingo
Activity
Puzzle Library
Sporcle Events
Private Events
Virtual Trivia
Globe League
Become a Host
Pub Owners
SporcleCon
Opinionation
Our Games
Videos
Blog
Mobile Apps
Partnerships
Remove Ads and Go Orange
Feedback
Literature
Harry Potter
A Song of Ice and Fire
The Hunger Games
Literary Character
Shakespeare
Book
Author
Novel
Poem
Young Adult
Children's Books
Play
Lord of the Rings
Literature
Harry Potter
A Song of Ice and Fire
The Hunger Games
Literary Character
Shakespeare
Book
Author
Novel
Poem
Young Adult
Children's Books
Play
Lord of the Rings
Random Quiz
Search Sporcle
×
Quiz Lab
Quiz Lab
Literature
Harry Potter
Type in answers that appear in a list
Type in answers that appear in a list
Classic
Best Score? Go Orange.
Harry Potter Name Chain Stats
Can you name the Harry Potter characters?
By
TheGirlWhoLived
4m
41 Questions
235 Plays
235 Plays
235 Plays
Comments
Comments
Give Quiz Kudos
Give Quiz Kudos
-
- Ratings
hide this ad
No Skip
Answers have to be entered in order without skipping
Answers have to be entered in order without skipping
Replay
Link that replays current quiz
Next Quiz
Link to next quiz in quiz playlist
You Got
0%
They Got
Avg Score
64%
Avg Friend Score
Upgrade to see
Score Distribution
Jump to the score distribution portion of the page
Score
0/41
Timer
04:00
0
Plays Today
Continue the chain
Harry Potter Characters
% Correct
?
???
100%
?
???
99.1%
?
???
98.7%
?
???
94.9%
?
???
92.8%
?
???
91.1%
?
???
89.4%
?
???
88.1%
?
???
87.7%
?
???
87.7%
?
???
76.6%
?
???
75.7%
?
???
73.2%
?
???
73.2%
?
???
73.2%
?
???
70.2%
?
???
68.5%
?
???
68.1%
?
???
65.5%
?
???
63.8%
?
???
62.1%
Continue the chain
Harry Potter Characters
% Correct
?
???
60.9%
?
???
60.9%
?
???
60.9%
?
???
60.4%
?
???
57%
?
???
55.7%
?
???
54.5%
?
???
52.8%
?
???
52.3%
?
???
49.4%
?
???
47.2%
?
???
46.4%
?
???
37.9%
?
???
37%
?
???
36.6%
?
???
34.9%
?
???
34.9%
?
???
34.9%
?
???
34%
?
???
32.3%
Quiz Playlist
Details
Report
Send in Message
Add To Playlist
Classic:
Type in answers that appear in a list
No Skip:
Answers have to be entered in order without skipping
Last Updated: Feb 16, 2017
Quiz Scoreboard
CHALLENGE
Sign Up to Join the Scoreboard
Show All
Scores
Hide
Comments
May contain spoilers
Recently Published
Click the 1999 NBA Draft
by nibperrychub
Sports
2m
Alphabetical 'K' Countries by Flag Minefield
by ylime102
Geography
3m
Pick 6: Fruits
by JohnFran
Miscellaneous
15s
More to Explore
Quiz From the Vault
Featured Blog Post
15 Basketball Trivia Facts You Can Be March Mad About
hide this ad
You Might Also Like...
Tags
Harry Potter Quiz
Today's Top Quizzes in Literature
Browse Literature
hide this ad
Today's Top Quizzes in Harry Potter
Browse Harry Potter
Top Contributed Quizzes in Literature
1
Season Plays
2
Harry Potter Characters: Logic Puzzle
3
Pick 3: Harry Potter Hogwarts Quidditch Players
4
Harry Potter Logic Quiz New
5
4-to-1 Blitz: Harry Potter
6
A Court of Thorns and Roses (ACoTaR) Criteria Quiz
7
Word Ladder: King's 'The Stand'
8
percy jackson logic puzzle
9
Literature Acrostic Puzzle
10
Dumbledore's Army Logic Puzzle
Explore More
Trending Topics
Crossword
Marvel
Kpop
Harry Potter
NBA
Disney
Anime
Song
The Office
Pokémon
Country
Soccer
WWE
Puzzle
NFL
hide this ad
More By:
TheGirlWhoLived
Quiz
Plays
Rating
Category
Featured
Created
Songs Covered by The Dalton Academy Warblers from 'Glee'
558
1.00
Television
Dec 17, 2011
Can you name the biscuits using the description?
330
1.67
Just For Fun
Feb 6, 2012
'My Little Pony: Friendship is Magic' Characters
317
2.00
Television
Feb 6, 2012
Name the Disney Song Lyrics 1
261
3.00
Music
Feb 6, 2012
Harry Potter Name Chain
235
4.00
Literature
Aug 2, 2011
Go to Creator's Profile
Score Distribution
Quiz Creator Spotlight
TheGirlWhoLived
Follow
Send a Message
Quizzes Created
-
Created Quiz Play Count
-
More By This Creator
Popular Quizzes Today
1
Countries of Asia Without Outlines Minefield
2
Find the US States - No Outlines Minefield
3
Pick 6: Fruits
4
Alphabetical 'K' Countries by Flag Minefield
5
The Countries of the World
6
Find the US States
7
US States
8
Match the Book to the Film X
More Literature Quizzes
Michael Crichton Novels
Published
Trending Quizzes
Pick 6: Mountains
Pick 6: Harry Potter
Pick 6: NFL Teams
Pick 6: Movie Franchises
Pick 6: Flags
Recently Updated
NWSL Teams
pecheneg
Women's Final Four Teams by Year
bhenderson79
Presidents Quartet II
eogle
Anything But Clue(do)
eogle
Anything But Oceanian Capitals
eogle
Anything But 7
eogle
Anything But Thing
eogle
Word Ladder: February 29
pecheneg
Song Title Questions
pecheneg
Women's NCAA Tournament #1 Seeds
pecheneg
Trending Topics
Anime
Disney
Marvel
NBA
Kpop
Crossword
Harry Potter
Country
Song
NFL
Soccer
WWE
The Office
Puzzle
Pokémon
Your Account Isn't Verified!
In order to create a playlist on Sporcle, you need to verify the email address you used during registration. Go to your
Sporcle Settings
to finish the process.
Report this User
Report this user for behavior that violates our
Community Guidelines
.
Details:
Send Report
Go to the Sporcle.com Mobile Site →
Comments